00604 2200193 4500001002100000005001500021035002000036007000300056008003900059082001000098084001600108100002300124245014400147260004100291300004200332650001100374650001200385022001300397INLIS00000000000087220240819095732 a0010-0824000237ta240819 | | |  a633.3 a633.3 ALO d0 aAlongkorn Nonthapa1 aDual-Purpose Vermicompost for the Growth Promotion and Suppression of Damping-Off Disease on Potted Vegetable Soybean /cAlongkorn Nonthapa aSwitzerland, Basel :bMDPI AG,c2024 a1-18 hlm, :bilus, ;c21 cm X 29,5 cm 4aJurnal 4aKedelai a22237747